000 00380nam a2200133Ia 4500
008 220217s9999||||xx |||||||||||||| ||und||
020 _a81-7888-089-X
082 _a519.024 CHA
100 _aPandey, Himanshu Mishra, R.K
_93285
245 0 _aComputer oriented numarical analysis
260 _aDominant publishers
_bNew Delhi
_c2003
300 _b695
650 _aMATHEMATICS
999 _c171307
_d171307